Lucy Dacus - Addictions (lyrics) - Statistics

General Stats
  • This quiz has been taken 22 times
  • The average score is 216 of 243
Answer Stats
Answer % Correct
a
100%
addictions
100%
be
100%
got
100%
I
100%
it
100%
it's
100%
it"s
100%
to
100%
too
100%
true
100%
you
100%
You've
100%
you've
100%
adventure
92%
Always
92%
and
92%
around
92%
at
92%
back
92%
by
92%
calling
92%
cause
92%
'cause
92%
comfort
92%
draw
92%
for
92%
I'm
92%
i'm
92%
in
92%
just
92%
keeps
92%
love
92%
not
92%
of
92%
on
92%
one
92%
ones
92%
pick
92%
quitter
92%
return
92%
sense
92%
side
92%
side?
92%
that
92%
the
92%
time
92%
up
92%
used
92%
what
92%
Who
92%
with
92%
Without
92%
without
92%
world
92%
you'll
92%
your
92%
you're
92%
all
85%
am
85%
awake
85%
been
85%
frame
85%
Freeze
85%
home
85%
now?
85%
Now
85%
passenger
85%
two
85%
after
77%
did
77%
here
77%
imagine
77%
kid
77%
like
77%
make
77%
me
77%
my
77%
nervous
77%
or
77%
reward
77%
risk
77%
still
77%
this
77%
tidal
77%
Was
77%
wave
77%
bareback
69%
Can
69%
current
69%
day
69%
Forget
69%
july
69%
laying
69%
lover
69%
night
69%
penchant
69%
planes
69%
remember
69%
watching
69%
Buy
62%
guy
62%
have
62%
high
62%
Invest
62%
kind
62%
knew
62%
low
62%
proud?
62%
sell
62%
what's
62%
worthwhile
62%
dirt
54%
hard
54%
it'd
54%
roads
54%
senseless
54%
so
54%
waiting
54%
years
38%
We're
31%
erasing
23%
No matching quizzes found
Score Distribution
Percent of People with Each Score
Percentile by Number Answered
Your Score History
You have not taken this quiz